Holnap és honlap. {Viitorul pe Internet}. [Websites and future]
Elmentve itt :
| Szerző: | |
|---|---|
| Adatforrás: | Meister |
| Forrásdokumentuma: | Korunk. - 2001. 1, 6-8. |
| Nyelv: | magyar |
| Kulcsszavak: | irodalmi esszé eseu literar literary essay |
| LEADER | 00417nab a2200145 i 4500 | ||
|---|---|---|---|
| 001 | bibPRO00012199 | ||
| 008 | 080908s2001 xx hun | ||
| 040 | |a Sz1 | ||
| 041 | |a hun | ||
| 100 | 1 | |a LÁSZLÓFFY Aladár | |
| 245 | 1 | 0 | |a Holnap és honlap. {Viitorul pe Internet}. [Websites and future] |c LÁSZLÓFFY Aladár |
| 695 | |a irodalmi esszé | ||
| 695 | |a eseu literar | ||
| 695 | |a literary essay | ||
| 773 | 0 | |t Korunk. - |g 2001. 1, 6-8. | |